00516nam a2200145Ia 4500082001200000100002000012245012500032260006300157300001400220504002700234650003400261650002200295650002500317700002800342 aRS 0744 aSharma, Mridula 0aMicro finance for income generation for livelihood:ba comparative study of non-profit making NGOs, SBLP and for profit  c2015bIndian Council of Social Science Research, New Delhi axiv, 155p aIncludes: Bibliography aIncome generationvlivelihood aSBLP and MFIvNGO aMicro financezIndia aRamasubraminam, Hemlata